Daňové stimuly - možnosti ich využitia v daňovom manažmente podniku : daňové úľavy ako forma investičného stimulu bakalárska práca

Gespeichert in:
Bibliographische Detailangaben
1. Verfasser: Uramová, Michaela
Körperschaft: Fakulta podnikového manažmentu EU. Katedra podnikových financií
Weitere Verfasser: Ďurinová, Ivona, 1964-
Format: Buch
Sprache:Slowakisch
Veröffentlicht: Bratislava 2009
Tags: Tag hinzufügen
Keine Tags, Fügen Sie das erste Tag hinzu!

MARC

LEADER 00000nam$a2200000$$$4500
001 0102924
005 20240319124440.6
041 0 |a slo 
044 |a SK 
245 1 0 |a Daňové stimuly - možnosti ich využitia v daňovom manažmente podniku : daňové úľavy ako forma investičného stimulu  |b bakalárska práca  |c Michaela Uramová ; škol. Ivona Ďurinová 
264 1 |a Bratislava  |c 2009 
300 |a 40 s. 
100 1 |a Uramová, Michaela 
700 1 |a Ďurinová, Ivona, 1964- 
710 2 |a Fakulta podnikového manažmentu EU. Katedra podnikových financií